| 000 | 00584nam a2200217 a 4500 | ||
|---|---|---|---|
| 001 | BRCA_5535 | ||
| 005 | 20190320205124.0 | ||
| 008 | 280311s1947----fr-a######---#000-0#fre-# | ||
| 041 | _afre | ||
| 044 | _afr | ||
| 050 | 4 |
_aNK2235 _b.G37 1947 |
|
| 100 | 1 |
_aGauthier, J. Stany _914127 |
|
| 245 | 1 | 0 |
_aLa Connaissance des Styles dans le Mobilier _cJ. Stany Gauthier. |
| 260 |
_aParís _bCh. Moreau _c1947 |
||
| 300 |
_a283 p. _bil., 3 láminas _c22 cm. |
||
| 500 | _aEstado físico: tapas desprendidas | ||
| 500 | _aF9 | ||
| 650 | 1 | 4 |
_aMuebles _96141 |
| 902 | _aGFM | ||
| 942 |
_2lcc _cB |
||
| 999 |
_c5229 _d5229 |
||